000 00587nam a2200193 4500
005 20241028151122.0
010 _aENG-142509
020 _c999.00
_a9789393734877
035 _aEN-126041
037 _bDBAD
082 _aS
100 _aSharmirajan, Sridevi K. J.
_973569
245 _a200 Zen Stories:
_bCultivating Positivity and Inner Peace/
_cby Sridevi K. J. Sharmirajan
250 _aFirst
260 _bExceller Books
_aKolkata
_c2023
270 _aG1, Dream Apartment, Degree College Road
_bBelgharia
_e700056
300 _a581p.
_c22cm(pb)
942 _2ddc
_cEN
_hS
_mSHA
_e2023
999 _c206814
_d206814